Reiki at hand : (Record no. 168228)

MARC details
000 -LEADER
fixed length control field 00640nam a22001937a 4500
005 - DATE AND TIME OF LATEST TRANSACTION
control field 20190928160201.0
010 ## - LCCN (DPL NO)
LC control number B-92410
020 ## - INTERNATIONAL STANDARD BOOK NUMBER
International Standard Book Number 8173871442
Terms of availability 150.00
035 ## - SYSTEM CONTROL NUMBER
System control number B-92410
037 ## - SOURCE OF ACQUISITION
Source of stock number/acquisition Indus Publishing Company
082 ## - DEWEY DECIMAL CLASSIFICATION NUMBER
Classification number 615.882
Item number COL
100 ## - MAIN ENTRY--PERSONAL NAME
Personal name Collins, Teresa
245 ## - TITLE STATEMENT
Title Reiki at hand :
Statement of responsibility, etc by Teresa Collins
Remainder of title A guide to self- empowerment and natural healing /
260 ## - PUBLICATION, DISTRIBUTION, ETC. (IMPRINT)
Place of publication, distribution, etc New Delhi
Name of publisher, distributor, etc Indus Publishing company
Date of publication, distribution, etc 2003
270 ## - ADDRESS
Address FS-5, Tagore Garden,
City New Delhi
Postal code 110027
300 ## - PHYSICAL DESCRIPTION
Extent 176p.
Dimensions 23cm(pbk)
Other physical details ill.
500 ## - GENERAL NOTE
General note Includes bibliography
942 ## - ADDED ENTRY ELEMENTS (KOHA)
Source of classification or shelving scheme Dewey Decimal Classification
Item type English Books
Call number suffix COL
Classification part 615.882
Call number prefix 615.882/COL
Holdings
Withdrawn status Lost status Not for loan Collection code Home library Current library Date acquired Source of acquisition Cost, normal purchase price Full call number Barcode Cost, replacement price Koha item type
      Non-fiction R.C.Libraries (zls) Sarojini Nagar 28/09/2019 Indus Publishing Company 150.00 615.882 COL B-92410 150.00 English Books

© Delhi Public Library
Hit Counter
free hit counter